College Quizbowl Stats
College Quizbowl Stats
Circuits
Seasons
Sets
Records
Detailed Stats
About
Loading...
2024 ACF Winter at Clemson
Tossups
Bonuses
Players
Teams
Categories (Tossup)
Categories (Bonus)
Matthew Bray
Auburn C
Categories
Category
Powers
Gets
Negs
BBs
Points
Earliest Buzz
Avg. Buzz
First Buzzes
Top 3 Buzzes
BPA
PVF
Religion
0
2
0
1
20
91
108.50
1
2
0.00
0.00
Fine Arts - Classical Music
0
1
0
0
10
134
134.00
0
0
0.00
0.00
History - American
0
0
0
0
0
0.00
0
0
0.00
0.00
Buzzes
Category
Answer
Value
Buzz Position
Religion
death
10
91
Religion
anointing
10
126
History - American
canoes
0
130
Fine Arts - Classical Music
violin
10
134
Fine Arts - Classical Music
Ottorino Respighi
0
135
Previous
1
Next